[Event "Pardubice Czech op-A"]
[Site "Pardubice"]
[Date "2009.07.25"]
[Round "2"]
[White "Paci, Cedric"]
[Black "Kovac, Andrej"]
[Result "1/2-1/2"]
[WhiteElo "2325"]
[BlackElo "2126"]
[PlyCount "56"]
[EventDate "2009.07.24"]
[EventType "swiss"]
[EventRounds "9"]
[EventCountry "CZE"]
[SourceTitle "CBM 131 Extra"]
[Source "ChessBase"]
[SourceDate "2009.09.03"]
[SourceVersion "2"]
[SourceVersionDate "2009.09.16"]
[SourceQuality "1"]

1. d4 Nf6 2. Bg5 d5 3. e3 g6 4. Nd2 Bg7 5. Bd3 0-0 6. f4 b6 7. Ngf3 Ba6 8. Bxa6 Nxa6 9. 0-0 c5 10. Ne5 Rc8 11. c3 Nb8 12. Qf3 Ne4 13. Nxe4 dxe4 14. Qh3 f6 15. Qe6+ Kh8 16. f5 fxg5 17. fxg6 Bxe5 18. Qh3 Rxf1+ 19. Rxf1 Qg8 20. dxe5 Rd8 21. Qh6 Qxg6 22. Rf8+ Rxf8 23. Qxf8+ Qg8 24. Qxe7 Qg7 25. Qd8+ Qg8 26. Qf6+ Qg7 27. Qd8+ Qg8 28. Qf6+ Qg7 1/2-1/2